[Event "45th FIDE Chess Olympiad Open"]
[Site "Budapest, Hungary"]
[Date "2024.09.13"]
[Round "3.4"]
[White "Makem Pierre"]
[Black "Schnell, Sebastian Narayana"]
[Result "1/2-1/2"]
[WhiteElo "1860"]
[BlackElo "2059"]
[PlyCount "108"]
[EventDate "2024.??.??"]
[WhiteTeam "Cameroon"]
[BlackTeam "Panama"]
[WhiteTeamCountry "CAM"]
[BlackTeamCountry "PAN"]
[WhiteClock "1:07:51"]
[BlackClock "0:01:13"]

1. d4 Nf6 2. Bf4 d5 3. e3 e6 4. Nd2 a6 5. Bd3 b5 $146 ({RR} 5... c5 6. c3 Be7 7. Ngf3 Nbd7 8. Qb1 h6 9. h3 b5 10. a3 Qb6 11. Ne5 Nf8 12. Ndf3 N6h7 13. g4 f6 14. Ng6 Nxg6 15. Bxg6+ Kd7 16. Bxh7 Qd8 17. Bd3 g5 18. Bg3 h5 19. Ke2 Bb7 20. Nd2 {Havelka,G (1820)-Catusse,D Bretagne 2004 1-0 (44)}) ({RR} 5... c5 6. c3 Nc6 7. Ngf3 Bd6 8. Bg3 O-O 9. Qe2 Re8 10. Ne5 Qc7 11. f4 Ne7 12. Bf2 b5 13. Qf3 Bb7 14. g4 b4 15. g5 Ne4 16. Nxe4 dxe4 17. Bxe4 Bxe4 18. Qxe4 bxc3 19. bxc3 cxd4 20. cxd4 {Golubov,S (2482)-Bilguun,S (2497) St Petersburg 2018 ½-½ (45)}) ({RR} 5... Nc6 6. c3 Bd6 7. Ngf3 Bxf4 8. exf4 h5 9. g3 b5 10. Qe2 Qe7 11. O-O Bb7 12. Rfe1 Bc8 13. Nb3 Rb8 14. f5 O-O 15. Nc5 Re8 16. fxe6 Bxe6 17. Nxa6 Qd7 18. Nxb8 Nxb8 19. Ne5 Qd6 20. Bxb5 {Claro Molinares,S (1638)-Lizarazo,M Cucuta 2022 1-0}) ({RR} 5... Nc6 6. c3 Bd6 7. Bg3 O-O 8. Ngf3 b5 9. Ne5 Bb7 10. Qc2 h6 11. f4 Qe7 12. Qd1 Na5 13. Bh4 Nc4 14. Qe2 Nxb2 15. Bc2 c5 16. Ng4 Rfc8 17. e4 dxe4 18. Nxe4 Bxe4 19. Bxe4 Na4 20. Bxa8 {Bischof,R (2027)-Scharrenbroich,A (1850) Duisburg 2006 1-0 (46)}) ({RR} 5... Nc6 6. c3 Bd6 7. Bxd6 Qxd6 8. f4 Ne7 9. Ngf3 Bd7 10. O-O c5 11. Ne5 cxd4 12. exd4 Nf5 13. Qe1 O-O 14. g4 Ne7 15. g5 Nh5 16. Be2 g6 17. Bxh5 gxh5 18. Qh4 Be8 19. Kh1 Nf5 20. Qf2 {Hansen,A (1214)-Andersen,J (1057) Ringsted 1998 0-1}) 6. g4 h6 7. h4 c5 8. c3 c4 9. Bc2 Bb7 10. Qf3 Nfd7 11. Qg3 b4 12. Bc7 Qc8 13. Ngf3 a5 14. Ba4 Bc6 15. Bc2 Ra7 16. Bf4 Rb7 17. O-O Be7 18. e4 Na6 19. Rae1 bxc3 20. bxc3 Rb2 21. Bb1 Nb6 22. Ne5 g5 23. Be3 Nd7 24. hxg5 hxg5 25. Ndf3 Rg8 26. Nxd7 Qxd7 27. Ne5 Qc7 28. Qf3 Bd6 29. Nxc6 Qxc6 30. exd5 Qd7 31. Qf6 Qe7 32. Qh6 Qf8 33. Bxg5 Qxh6 34. Bxh6 Rxg4+ 35. Kh1 Rh4+ 36. Kg2 Rxh6 37. dxe6 fxe6 38. Be4 Ke7 39. Rh1 Rxh1 40. Rxh1 Rxa2 41. Rh7+ Kf6 42. Rh6+ Kf7 43. d5 Nc7 44. dxe6+ Ke7 45. Bf5 Bc5 46. Rh7+ Kf6 47. Rf7+ Kg5 48. Bb1 Rxf2+ 49. Rxf2 Bxf2 50. Kxf2 Kf6 51. Ba2 Kxe6 52. Bxc4+ Kd6 53. Ke2 Kc5 54. Kd3 Na8 1/2-1/2

[Event "45th FIDE Chess Olympiad Open"]
[Site "Budapest, Hungary"]
[Date "2024.09.13"]
[Round "3.5"]
[White "Al Maashani, Amer"]
[Black "Tissir, Mohamed"]
[Result "0-1"]
[WhiteElo "1979"]
[BlackElo "2355"]
[PlyCount "66"]
[EventDate "2024.??.??"]
[WhiteTeam "Oman"]
[BlackTeam "Morocco"]
[WhiteTeamCountry "OMN"]
[BlackTeamCountry "MAR"]
[WhiteClock "0:00:57"]
[BlackClock "0:01:37"]

1. e4 c5 2. Nc3 Nc6 3. f4 e6 4. Nf3 a6 5. g3 b5 6. Bg2 Bb7 7. O-O Rc8 ({RR} 7... d6 8. d3 Nf6 9. h3 Be7 10. g4 Nd7 11. Be3 Qc7 12. Qd2 b4 13. Ne2 a5 14. Ng3 g6 15. c3 a4 16. cxb4 Nxb4 17. f5 Ba6 18. fxe6 fxe6 19. Bg5 Qd8 20. Bh6 Nxd3 21. Ng5 Bxg5 22. Bxg5 {Al Modiahki,M (2549)-Mchedlishvili,M (2632) Dubai 2014 0-1 (37)}) ({RR} 7... d5 8. exd5 exd5 9. Re1+ Be7 10. d4 c4 11. Ne5 Nf6 12. Ne2 O-O 13. c3 Ne4 14. Bxe4 dxe4 15. Be3 f6 16. Ng4 Qd7 17. Nf2 Nd8 18. a4 f5 19. b3 Bd5 20. b4 Nc6 21. a5 g6 22. Qc2 {Luke Brezmes,C (2060)-Seletsky,G (2181) chess.com INT 2024 ½-½ (62)}) 8. d3 Be7 ({RR} 8... b4 9. Ne2 d5 10. exd5 Qxd5 11. b3 Nf6 12. Bb2 Be7 13. h3 O-O 14. Kh2 Rfd8 15. Qe1 Qh5 16. Kg1 Nd5 17. Qf2 Qg6 18. g4 Nd4 19. Ne5 Qh6 20. Ng3 Bh4 21. Kh2 f6 22. Nc4 Ba8 23. Rae1 {Mamatov,M (2292)-Tissir,M (2379) Moscow 2019 1-0 (35)}) 9. Kh1 $146 ({RR} 9. e5 h5 10. Ne4 Nh6 11. h3 Qb6 12. Be3 Nf5 13. Bf2 Ncd4 14. c3 Nxf3+ 15. Bxf3 d5 16. exd6 Nxd6 17. Qe2 Nxe4 18. dxe4 e5 19. f5 Rd8 20. Rfd1 Qc6 21. Rxd8+ Bxd8 22. Rd1 Be7 23. Be3 O-O {Pinter,E (2416)-Pertlova,S (2226) Tatranske Zruby 2009 ½-½ (75)}) 9... d6 10. f5 exf5 11. Nd5 fxe4 12. dxe4 Nf6 13. b3 O-O 14. Bb2 Nxd5 15. exd5 Nb8 16. Nd2 Nd7 17. Ne4 f5 18. Qh5 g6 19. Qh6 Ne5 20. c4 Rf7 21. Bh3 Rc7 22. Qe3 bxc4 23. Bxe5 Bxd5 24. Bc3 Bg5 25. Qe2 Bxe4+ 26. Kg1 Bf6 27. Bxf6 Qxf6 28. bxc4 Qd4+ 29. Qf2 Qxc4 30. Rad1 d5 31. Qb2 d4 32. Qb8+ Kg7 33. g4 Qc3 0-1

[Event "45th FIDE Chess Olympiad Open"]
[Site "Budapest, Hungary"]
[Date "2024.09.13"]
[Round "3.6"]
[White "Ouakhir, Mehdi Pierre"]
[Black "Salim Mohammed, Salim Al Amri"]
[Result "1/2-1/2"]
[WhiteElo "2191"]
[BlackElo "1926"]
[PlyCount "103"]
[EventDate "2024.??.??"]
[WhiteTeam "Morocco"]
[BlackTeam "Oman"]
[WhiteTeamCountry "MAR"]
[BlackTeamCountry "OMN"]
[WhiteClock "0:15:09"]
[BlackClock "0:56:54"]

1. d4 Nf6 2. c4 e6 3. Nc3 Bb4 4. Qc2 O-O 5. e4 d5 6. e5 Ne4 7. Bd3 c5 8. cxd5 exd5 9. Nge2 cxd4 10. Nxd4 Nd7 11. f4 Qh4+ 12. g3 Qh3 13. Bf1 Qh5 14. Bg2 Ndc5 ({RR} 14... Nb6 15. O-O Bxc3 16. bxc3 Bh3 17. f5 Bxg2 18. Qxg2 Nc4 19. g4 Qh4 20. f6 Nxe5 21. fxg7 Rfe8 22. Nf5 Qd8 23. Be3 Re6 24. g5 Rc8 25. Nh6+ Rxh6 26. gxh6 Rc6 27. Kh1 Rg6 28. Qh3 Ng4 29. Qf3 {Kramnik,V (2780)-Adams,M (2715) Cologne 1998 1-0 (51)}) 15. O-O Bxc3 16. bxc3 Bh3 17. Be3 $146 ({RR} 17. f5 Bxg2 18. Qxg2 Rfe8 19. g4 Qh4 20. f6 Rxe5 21. fxg7 Qd8 22. Nf5 f6 23. Bf4 Re8 24. Be3 Ne6 25. c4 Nc3 26. Rae1 Rb8 27. g5 fxg5 28. Nh6+ Kxg7 29. Nf7 Qe7 30. Bd4+ {1-0 (30) Ivanisevic,I (2530)-Munoz Sotomayor,H (2322) Istanbul 2000}) ({RR} 17. f5 Bxg2 18. Qxg2 Nd3 19. g4 Qh4 20. f6 Nxc1 21. fxg7 Rfe8 22. Nf5 Qg5 23. Raxc1 Rxe5 24. c4 Nf6 25. h4 Qg6 26. cxd5 Nxg4 27. Rf4 Rxf5 28. Rxg4 Qb6+ 29. Kh1 Rf2 30. Qg3 Qb2 31. Rgc4 Re8 {Gluckie,J (1907)-Gardner,R (2221) Edmonton 2005 0-1 (40)}) ({RR} 17. f5 Bxg2 18. Kxg2 Rae8 19. h3 Rxe5 20. Nf3 Nxg3 21. Nxe5 Nxf1 22. Bf4 g5 23. fxg6 {½-½ (23) Szymanski,M (2362)-Kristjansson,S (2380) Olomouc 2001}) 17... f6 18. Bxh3 Qxh3 19. Nb3 b6 20. Nxc5 bxc5 21. c4 fxe5 22. cxd5 Nxg3 23. Rf3 exf4 24. Bxf4 Qg4 25. Rxg3 Qxf4 26. Qxc5 Rae8 27. d6 Re5 28. Qc3 Rg5 29. Rd1 Rxg3+ 30. Qxg3 Qxg3+ 31. hxg3 Rd8 32. Rc1 Rxd6 33. Rc8+ Kf7 34. Rc7+ Kf6 35. Rxa7 Rd2 36. Ra5 g5 37. a4 Kg6 38. Rb5 Rd4 39. a5 Kh5 40. Rb7 Ra4 41. Rxh7+ Kg4 42. Rb7 Kxg3 43. Rb3+ Kh4 44. a6 Rxa6 45. Rb4+ g4 46. Rb3 Ra2 47. Rc3 Rb2 48. Ra3 Rb8 49. Rc3 Rf8 50. Kg2 Rd8 51. Ra3 Rd1 52. Rb3 1/2-1/2

[Event "45th FIDE Chess Olympiad Open"]
[Site "Budapest, Hungary"]
[Date "2024.09.13"]
[Round "3.7"]
[White "Al Busaidi, Hamood"]
[Black "Moayad, Anas"]
[Result "0-1"]
[WhiteElo "1881"]
[BlackElo "2016"]
[PlyCount "78"]
[EventDate "2024.??.??"]
[WhiteTeam "Oman"]
[BlackTeam "Morocco"]
[WhiteTeamCountry "OMN"]
[BlackTeamCountry "MAR"]
[WhiteClock "0:00:52"]
[BlackClock "0:00:57"]

1. e4 c5 2. Nf3 d6 3. d4 cxd4 4. Qxd4 Nc6 5. Qe3 g6 6. Be2 Bg7 7. O-O Nf6 8. h3 O-O 9. Rd1 Qc7 10. c4 a6 ({RR} 10... Bd7 11. Nc3 Rac8 12. Bd2 b6 13. Rac1 Qb7 14. b3 Rfd8 15. Nd5 Nxd5 16. exd5 Ne5 17. Nd4 Be8 18. Bc3 b5 19. cxb5 Rc5 20. f4 Rxd5 21. fxe5 dxe5 22. Nc6 Bxc6 23. bxc6 Qxc6 24. Rxd5 Qxd5 25. Rd1 {Demchenko,A (2679)-Linker,M (2269) Sochi 2018 1-0}) 11. Nc3 e6 ({RR} 11... Be6 12. Rb1 Nd7 13. b3 Rfc8 14. Bb2 Qa5 15. Nd5 Bxb2 16. Rxb2 Qc5 17. Qh6 Bxd5 18. exd5 Nce5 19. Nd4 b5 20. b4 Qb6 21. cxb5 axb5 22. Bxb5 Nf6 23. Bc6 Ra3 24. Re2 Qxb4 25. Rxe5 dxe5 26. Nc2 {Bagi,M (2425)-Szalay-Ocsak,B (2253) Ajka HUN 2024 0-1 (51)}) 12. Rb1 Ne5 $146 ({RR} 12... Rd8 13. b3 b6 14. Ba3 Ne8 15. Rbc1 Qa7 16. Rc2 Rb8 17. b4 Bb7 18. b5 Ne5 19. Rcd2 Nxf3+ 20. Bxf3 Be5 21. Be2 Qa8 22. f3 axb5 23. Nxb5 Bc6 24. Bb4 Bxb5 25. cxb5 Qa7 26. f4 Bg7 27. Bc4 {Molenda,M (2387)-Valiyev,S (2158) Sant Boi ESP 2023 1-0 (41)}) 13. b3 Nfd7 14. Ba3 Qa5 15. b4 Qc7 16. Nd2 Rd8 17. f4 Nc6 18. Nf3 Ne7 19. Rbc1 b6 20. Bb2 Bb7 21. f5 exf5 22. Nd5 Bxd5 23. cxd5 Qb7 24. Bxg7 Kxg7 25. Qg5 Nf6 26. exf5 Nxf5 27. g4 Re8 28. Bc4 Ne3 29. Rd4 Rac8 30. Rf4 Ne4 31. Qh4 Rxc4 32. Re1 Nxd5 33. g5 Nxf4 34. Qxf4 Qd5 35. h4 Re6 36. h5 Nxg5 37. h6+ Kxh6 38. Qh2+ Kg7 39. Qb2+ Kg8 0-1

[Event "45th FIDE Chess Olympiad Open"]
[Site "Budapest, Hungary"]
[Date "2024.09.13"]
[Round "3.8"]
[White "NAIT ELASRI BRAHIM"]
[Black "Al Mashikhi, Mohammed Alyan"]
[Result "1-0"]
[WhiteElo "1994"]
[BlackElo "1959"]
[PlyCount "119"]
[EventDate "2024.??.??"]
[WhiteTeam "Morocco"]
[BlackTeam "Oman"]
[WhiteTeamCountry "MAR"]
[BlackTeamCountry "OMN"]
[WhiteClock "0:14:38"]
[BlackClock "0:13:26"]

1. e4 e6 2. d4 d5 3. Nc3 dxe4 4. Nxe4 Nd7 5. Nf3 Ngf6 6. Bg5 Be7 7. Nxf6+ Bxf6 8. Bxf6 Qxf6 9. c3 O-O 10. Bd3 e5 11. O-O exd4 12. cxd4 ({RR} 12. Nxd4 Ne5 13. Be4 h6 14. Qe2 Rb8 15. f4 Nc6 16. Rad1 {½-½ (16) Kurnosov,I (2617)-Riazantsev,A (2617) Satka 2008}) 12... Nb6 ({RR} 12... h6 13. b3 c5 14. Rc1 cxd4 15. Qe2 Qf4 16. Rc4 Nf6 17. Rxd4 Qc7 18. Rc4 Qb6 19. Re1 Bg4 20. Qe3 Qxe3 21. Rxe3 Rad8 22. Ne5 Be6 23. Rc1 Nd5 24. Ree1 Nb4 25. Bb1 Rd2 26. a3 Na6 27. b4 {Curtis,J (2292)-Mizzi,J (2043) chess.com INT 2024 ½-½ (75)}) 13. Qc2 Nd5 $146 ({RR} 13... c6 14. Bxh7+ Kh8 15. Be4 Rd8 16. h3 Be6 17. Rfe1 g6 18. Rad1 Kg7 19. b3 Rh8 20. Re3 Nd5 21. Bxd5 Bxd5 22. Ne5 Rh4 23. Ng4 Qf4 24. Qe2 Rah8 25. Rg3 Be4 26. Qb2 Bd5 27. Ne3 R8h5 28. Qa3 {Janczarski,M (2247)-Solnicki,M (1998) Chotowa 2009 1-0 (87)}) 14. Bxh7+ Kh8 15. Be4 Be6 16. Bxd5 Bxd5 17. Ne5 Qf4 18. Rad1 c6 19. a3 g6 20. Qd2 Qh4 21. Qe3 Kg7 22. Qg3 Qe4 23. Nd7 Rfe8 24. Nc5 Qe2 25. Qc3 b6 26. Nd3 Qg4 27. f3 Re2 28. Nf2 Qg5 29. Rfe1 Rae8 30. Rxe2 Rxe2 31. Kf1 Re3 32. Qc1 f5 33. Re1 Rxe1+ 34. Qxe1 Kf7 35. Nh3 Qh6 36. Qc3 a5 37. Kf2 Qh4+ 38. Ke2 f4 39. Qe1 Qf6 40. Kd3 Qf5+ 41. Kd2 Bxf3 42. Qf2 Be4 43. Qxf4 Bxg2 44. Qxf5+ gxf5 45. Nf4 Be4 46. Ke3 Kf6 47. h4 Kg7 48. Ne2 b5 49. Ng3 Bc2 50. Kf4 Kf6 51. h5 b4 52. axb4 axb4 53. h6 Kg6 54. Nxf5 Kh7 55. Ke5 Bd3 56. Ne7 Kxh6 57. Nxc6 b3 58. d5 Kg5 59. Nd4 Bc4 60. d6 1-0

[Event "45th FIDE Chess Olympiad Open"]
[Site "Budapest, Hungary"]
[Date "2024.09.13"]
[Round "3.13"]
[White "Ferster, Fabian"]
[Black "Than, Min Hlaing"]
[Result "1-0"]
[WhiteElo "2184"]
[BlackElo "2121"]
[PlyCount "43"]
[EventDate "2024.??.??"]
[WhiteTeam "Liechtenstein"]
[BlackTeam "Myanmar"]
[WhiteTeamCountry "LIE"]
[BlackTeamCountry "MYA"]
[WhiteClock "0:47:24"]
[BlackClock "0:12:33"]

1. e4 c5 2. Nc3 Nc6 3. Nge2 e5 4. Ng3 g6 ({RR} 4... d6 5. Bc4 Nf6 6. d3 Be7 7. O-O O-O 8. f4 Bg4 9. Qe1 exf4 10. Bxf4 Qd7 11. a3 Nd4 12. Qd2 b5 13. Ba2 Rae8 14. Nd5 Nxd5 15. Bxd5 Be6 16. Be3 Nc6 17. Nf5 Bd8 18. b4 Bxf5 19. Bxc6 {Sjugirov,S (2696)-Xiong,J (2688) Chess.com INT 2022 0-1 (37)}) 5. Bc4 h5 ({RR} 5... Bg7 6. d3 Nge7 7. f4 d6 8. f5 gxf5 9. Qh5 Rf8 10. Qxh7 Bh8 11. Bh6 Kd7 12. Bxf8 Qxf8 13. Nxf5 Nxf5 14. Qxf5+ Ke8 15. Qh5 Qg7 16. O-O Nd8 17. Rxf7 Nxf7 18. Rf1 Bg4 19. Bxf7+ Kd7 20. Qh4 {Tomb,M (2090)-Bacrot,E (2683) chess.com INT 2024 1-0}) 6. d3 h4 $146 ({RR} 6... d6 7. O-O h4 8. Nge2 g5 9. Nd5 Bh6 10. c3 Nf6 11. b4 Nxd5 12. exd5 Ne7 13. bxc5 dxc5 14. d4 Nxd5 15. dxe5 Be6 16. Qa4+ Ke7 17. Qb3 Nb6 18. Bxe6 fxe6 19. Rd1 Qc7 20. Rd6 c4 21. Qc2 {Quizon,D (2384)-Lye,L (2358) Ha Long 2022 1-0}) 7. Nf1 h3 8. g3 d6 9. Nd5 Bg7 10. c3 Nh6 11. Bxh6 Rxh6 12. Nfe3 Be6 13. O-O Qd7 14. a3 O-O-O 15. b4 f5 16. Qa4 f4 17. b5 fxe3 18. bxc6 e2 19. cxd7+ Bxd7 20. Qa5 exf1=Q+ 21. Rxf1 Kb8 22. Qxd8+ 1-0

[Event "45th FIDE Chess Olympiad Open"]
[Site "Budapest, Hungary"]
[Date "2024.09.13"]
[Round "3.14"]
[White "Kyaw Zay Ya"]
[Black "Krieger, Markus"]
[Result "0-1"]
[WhiteElo "1818"]
[BlackElo "2153"]
[PlyCount "58"]
[EventDate "2024.??.??"]
[WhiteTeam "Myanmar"]
[BlackTeam "Liechtenstein"]
[WhiteTeamCountry "MYA"]
[BlackTeamCountry "LIE"]
[WhiteClock "0:31:54"]
[BlackClock "0:16:55"]

1. e4 e5 2. Nf3 Nc6 3. d4 exd4 4. Nxd4 Nf6 5. Nxc6 bxc6 6. Bd3 d5 7. e5 Ng4 8. Bf4 Bc5 9. Bg3 O-O 10. h3 Nxe5 11. Be2 Re8 12. O-O Bf5 $146 ({RR} 12... Qg5 13. Kh2 Qf6 14. Nd2 Bd6 15. Nb3 Ng6 16. c3 Nf4 17. Bf3 Ba6 18. Re1 Rxe1 19. Qxe1 h5 20. Bd1 h4 21. Bxf4 Qxf4+ 22. g3 hxg3+ 23. fxg3 Qf6 24. Bg4 g6 25. Qe3 Kg7 26. Re1 Re8 27. Qg1 {Sauvetre,A-Carrasco,P Paris 1993 0-1 (48)}) 13. Nc3 Rb8 14. Na4 Bd6 15. c3 Ng6 16. b4 Qg5 17. Kh2 Re7 18. Bh5 Rbe8 19. Nc5 Nf4 20. Bf3 Ne2 21. Bxe2 Rxe2 22. Qd4 h5 23. h4 Qg6 24. a4 R8e3 25. Bf4 Re4 26. Nxe4 Rxe4 27. Bxd6 Rxd4 28. cxd4 Qxd6+ 29. Kg1 Qxb4 0-1

[Event "45th FIDE Chess Olympiad Open"]
[Site "Budapest, Hungary"]
[Date "2024.09.13"]
[Round "3.15"]
[White "Heron, Andrew"]
[Black "Zaw Ye Htut"]
[Result "0-1"]
[WhiteElo "2026"]
[BlackElo "1815"]
[PlyCount "82"]
[EventDate "2024.??.??"]
[WhiteTeam "Liechtenstein"]
[BlackTeam "Myanmar"]
[WhiteTeamCountry "LIE"]
[BlackTeamCountry "MYA"]
[WhiteClock "0:15:27"]
[BlackClock "0:47:09"]

1. e4 d5 2. exd5 Qxd5 3. h3 Nf6 4. Nf3 Nc6 ({RR} 4... Bf5 5. d4 Nc6 6. Nc3 Qd7 7. Bb5 O-O-O 8. Ne5 Qxd4 9. Nxf7 Ne4 10. Be3 Nxc3 11. Bxd4 Nxd1 12. Bxc6 Rxd4 13. Rxd1 Rxd1+ 14. Kxd1 Rg8 15. Bd5 e6 16. Bb3 Bc5 17. Ke2 Rf8 18. Ng5 h6 19. Nf3 {Shimanov,A (2578)-Tristan,L (2521) chess.com INT 2024 1-0 (35)}) 5. Nc3 Qh5 $146 ({RR} 5... Qa5 6. Bb5 Bd7 7. O-O a6 8. Ba4 O-O-O 9. Re1 e6 10. a3 Qh5 11. d3 Bc5 12. Be3 Bxe3 13. Rxe3 g5 14. Bxc6 Bxc6 15. Ne5 Qxd1+ 16. Rxd1 Be8 17. Rf3 Nd7 18. Nxf7 Bxf7 19. Rxf7 Ne5 20. Rg7 {Hansen,S (2520)-Kotyk,M (2127) chess.com INT 2024 1-0}) ({RR} 5... Qd6 6. d4 Bf5 7. Bb5 a6 8. Ba4 O-O-O 9. O-O Nxd4 10. Nxd4 Qxd4 11. Qf3 Be4 12. Qg3 e6 13. Be3 Qb4 14. a3 Qd6 15. Bf4 Qb6 16. Nxe4 Nxe4 17. Qf3 Nf6 18. b4 Bd6 19. Be3 c5 20. bxc5 {Crevatin,L (2259)-Narva,T (2104) chess.com INT 2024 1-0 (44)}) 6. Be2 Bg4 7. Rg1 Bxf3 8. Bxf3 Qe5+ 9. Qe2 Qxe2+ 10. Nxe2 Nb4 11. Kd1 O-O-O 12. g4 h6 13. d3 Nxd3 14. cxd3 Rxd3+ 15. Ke1 Rxf3 16. Ng3 Rd3 17. Be3 e6 18. Ke2 Rd7 19. Rac1 Nd5 20. Rc4 Nxe3 21. fxe3 Bd6 22. Ne4 Be5 23. b4 Rhd8 24. Rf1 g6 25. Rc2 f5 26. Nc5 Rd6 27. b5 a6 28. a4 axb5 29. axb5 Rb6 30. Ra2 Kb8 31. Rb1 Rd5 32. Rd1 Rxd1 33. Kxd1 Rxb5 34. Nd7+ Kc8 35. Nf8 b6 36. Nxg6 Kb7 37. Nf8 Bf6 38. Nxe6 fxg4 39. Rc2 gxh3 40. Rxc7+ Kb8 41. Rc2 h2 0-1

[Event "45th FIDE Chess Olympiad Open"]
[Site "Budapest, Hungary"]
[Date "2024.09.13"]
[Round "3.16"]
[White "Linn Phone Myat"]
[Black "Frick, Renato"]
[Result "1-0"]
[WhiteElo "1763"]
[BlackElo "1925"]
[PlyCount "77"]
[EventDate "2024.??.??"]
[WhiteTeam "Myanmar"]
[BlackTeam "Liechtenstein"]
[WhiteTeamCountry "MYA"]
[BlackTeamCountry "LIE"]
[WhiteClock "0:01:21"]
[BlackClock "0:00:38"]

1. e4 e5 2. Nf3 Nc6 3. Bc4 Bc5 4. c3 Nf6 5. d4 exd4 6. e5 d5 7. Bb5 Ne4 8. cxd4 Bb4+ 9. Nbd2 O-O 10. h3 ({RR} 10. O-O Bg4 11. Bxc6 Bxd2 12. Bxd2 bxc6 13. Be3 f5 14. Qc1 h6 15. h3 Bxf3 16. gxf3 Qh4 17. Kg2 f4 18. fxe4 dxe4 19. Qxc6 fxe3 20. fxe3 Qg5+ 21. Kh1 Qxe3 22. Qc3 Qe2 23. Rfe1 Qh5 24. Rxe4 Rf3 {Campora,D (2520)-Fernandes,A (2490) Vila Real de Santo Antonio 1998 ½-½ (84)}) 10... Bd7 ({RR} 10... f6 11. O-O Bxd2 12. Bxd2 fxe5 13. dxe5 Bxh3 14. Bxc6 {½-½ (14) Macias Pino,D (2356)-Granero Roca,A (2358) Alcossebre 2022}) 11. Bd3 Ng5 $146 ({RR} 11... Bf5 12. Qc2 f6 13. O-O Bxd2 14. Bxd2 fxe5 15. dxe5 Bxh3 16. Bxe4 dxe4 17. Qxe4 Bf5 18. Qe3 Qd5 19. Bc3 Rad8 20. Rfd1 Qxd1+ 21. Rxd1 Rxd1+ 22. Kh2 Rd3 23. Qc5 Be6 24. Qb5 Rd1 25. Qxb7 Bd5 26. Qxc7 {Sullivan,N-Barclay,W (2215) Canada 1992 1-0 (34)}) ({RR} 11... Bf5 12. Be2 Ba5 13. a3 Bb6 14. Nb3 f6 15. exf6 Qxf6 16. Be3 Qe7 17. Qc1 Rae8 18. Bb5 Na5 19. Nxa5 Bxa5+ 20. Ke2 c6 21. Bd3 Nxf2 {0-1 (21) Schmidt,H-Safin,S (2510) Untergrombach 1998}) ({RR} 11... f5 12. O-O Ba5 13. Qb3 Bb6 14. Qxd5+ Kh8 15. Bxe4 fxe4 16. Nxe4 Qe7 17. Bg5 Qe8 18. Ng3 Rd8 19. Bxd8 {1-0 (19) Eswaran,A (1745)-Singgih,D (1972) Chess.com INT 2021}) 12. O-O Bxd2 13. Bxd2 Nxf3+ 14. Qxf3 Nxd4 15. Qxd5 Bxh3 16. Qe4 Bf5 17. Qe3 Bxd3 18. Qxd3 Ne6 19. Qe2 Qh4 20. Rac1 Rfd8 21. f4 c5 22. Rc3 Nd4 23. Qe4 Qg4 24. Rh3 g6 25. Be3 b6 26. Bxd4 cxd4 27. Rd3 Rac8 28. Rxd4 Rxd4 29. Qxd4 h5 30. Rd1 Rc2 31. Rd2 Rc1+ 32. Kf2 Qh4+ 33. Ke2 Qe1+ 34. Kf3 h4 35. Qf2 Qh1 36. Kg4 Rc4 37. e6 fxe6 38. Qe2 Rc6 39. Qe4 1-0

[Event "45th FIDE Chess Olympiad Open"]
[Site "Budapest, Hungary"]
[Date "2024.09.13"]
[Round "3.17"]
[White "Wu, Li"]
[Black "Mathurin, Nathaniel"]
[Result "1-0"]
[WhiteElo "2325"]
[BlackElo "1982"]
[PlyCount "97"]
[EventDate "2024.??.??"]
[WhiteTeam "Isle of Man"]
[BlackTeam "Saint Lucia"]
[WhiteTeamCountry "IOM"]
[WhiteClock "0:21:09"]
[BlackClock "0:32:43"]

1. d4 Nf6 2. Nf3 d5 3. c4 e6 4. cxd5 exd5 5. Nc3 Be7 6. Bg5 c6 7. Qc2 Nbd7 8. e3 O-O 9. Bd3 Re8 10. O-O Nf8 11. h3 h6 12. Bf4 Bd6 13. Ne5 Ne6 14. Bg3 ({RR} 14. Bh2 Ng5 15. f4 Nge4 16. Nxe4 dxe4 17. Bc4 Nd5 18. Qxe4 f6 19. Qg6 fxe5 20. fxe5 Bf8 21. Bd3 {1-0 (21) Hayrapetyan,H (2442)-Baghdasaryan,V (2257) chess.com INT 2023}) 14... c5 15. Nb5 Bf8 16. dxc5 Bxc5 $146 ({RR} 16... Nxc5 17. Nxf7 Kxf7 18. Bg6+ Kg8 19. Nc7 Re6 20. Nxa8 Rc6 21. Rfc1 Bd7 22. Nc7 Nce4 23. Bxe4 Rxc2 24. Bxc2 Bc6 25. Ne6 Qe8 26. Nd4 Bc5 27. Rd1 Bd7 28. Rac1 b6 29. Nf3 Be6 30. Be5 Ne4 31. Bb3 {Tal,M (2600)-Adianto,U (2400) Reykjavik 1986 1-0 (37)}) 17. Bh4 a6 18. Bh7+ Kf8 19. Nd4 Bxd4 20. exd4 Nxd4 21. Qd2 Rxe5 22. Qxd4 Re6 23. Rad1 Qb6 24. Bb1 Qxd4 25. Rxd4 g5 26. Bg3 Bd7 27. Bf5 Re7 28. Bd3 Kg7 29. f4 Rae8 30. fxg5 hxg5 31. Bf2 Bc6 32. Rb4 Nd7 33. Rg4 f6 34. Bd4 Ne5 35. Rg3 Rh8 36. Bc2 Rh4 37. Rd1 Kh6 38. b3 Rf4 39. Be3 Rh4 40. Rf1 Nd7 41. Rxf6+ Nxf6 42. Bxg5+ Kh5 43. Bxf6 Re1+ 44. Kh2 Rhe4 45. Bxe4 dxe4 46. Bd4 Re2 47. Be3 Rxa2 48. Rg5+ Kh4 49. Rf5 1-0

[Event "45th FIDE Chess Olympiad Open"]
[Site "Budapest, Hungary"]
[Date "2024.09.13"]
[Round "3.18"]
[White "James, Justin"]
[Black "Ormsby, Alan"]
[Result "0-1"]
[WhiteElo "1745"]
[BlackElo "1914"]
[PlyCount "136"]
[EventDate "2024.??.??"]
[WhiteTeam "Saint Lucia"]
[BlackTeam "Isle of Man"]
[BlackTeamCountry "IOM"]
[WhiteClock "0:01:13"]
[BlackClock "0:11:13"]

1. e4 g6 2. d4 Bg7 3. Nf3 d6 4. c4 a6 5. Nc3 ({RR} 5. h3 Nd7 6. Be3 c5 7. Nc3 Qa5 8. Bd3 Ngf6 9. e5 Ng8 10. exd6 exd6 11. O-O Ngf6 12. Bf4 O-O 13. Bxd6 Re8 14. Re1 cxd4 15. Nd5 Rxe1+ 16. Qxe1 Qxe1+ 17. Rxe1 Nxd5 18. Re8+ Bf8 19. cxd5 Kg7 {Boruchovsky,A (2528)-Matko,O (2253) chess.com INT 2024 1-0}) 5... e6 ({RR} 5... Nc6 6. d5 Ne5 7. Be2 Nxf3+ 8. Bxf3 Nf6 9. Be3 O-O 10. O-O e6 11. c5 exd5 12. exd5 Re8 13. Re1 Bf5 14. h3 h5 15. Rc1 dxc5 16. Bxc5 Rxe1+ 17. Qxe1 Nd7 18. Be7 Qe8 19. d6 cxd6 20. Bxb7 {Thejkumar,M (2433)-Hess,R (2591) Chess.com INT 2021 0-1 (37)}) 6. Be3 $146 ({RR} 6. g3 b6 7. Bg2 Bb7 8. O-O Ne7 9. Re1 Nd7 10. a4 O-O 11. Bg5 h6 12. Be3 f5 13. e5 dxe5 14. dxe5 Nxe5 15. Nxe5 Bxg2 16. Nxg6 Nxg6 17. Kxg2 Qxd1 18. Raxd1 Bxc3 19. bxc3 f4 20. gxf4 Nxf4+ {Thuerauf,P (1790)-Haesslein,R (1488) Lauf 2004 1-0 (42)}) ({RR} 6. Be2 Ne7 7. O-O Nbc6 8. d5 Ne5 9. Nd2 f5 10. f4 Nf7 11. Qc2 exd5 12. exd5 O-O 13. b3 Bd7 14. Bb2 c6 15. Bf3 b5 16. dxc6 Bxc6 17. Bxc6 Nxc6 18. cxb5 Qb6+ 19. Kh1 axb5 20. Nf3 Nb4 {Brzezinka,K-Mansor,T Badenweiler 2009 ½-½ (46)}) 6... b6 7. Qd2 Nd7 8. h3 h6 9. Be2 Bb7 10. g4 Ne7 11. Rg1 c5 12. d5 e5 13. Nh2 g5 14. Rg2 Ng6 15. Rg1 Nf4 16. Bf1 Nf8 17. Nf3 N8g6 18. Ne2 Nxe2 19. Bxe2 Nf4 20. Bf1 Bc8 21. O-O-O Bd7 22. Rg3 Bf6 23. Ne1 b5 24. Nc2 O-O 25. Ne1 bxc4 26. Bxc4 Bb5 27. Qc2 Bxc4 28. Qxc4 Qd7 29. Rd2 Rfb8 30. Nc2 a5 31. Na3 a4 32. Kd1 Bd8 33. Bxf4 exf4 34. Rf3 Bf6 35. Qe2 Be5 36. Ke1 Rb4 37. Nc4 f6 38. Nxe5 fxe5 39. Rc3 Qb7 40. Rc4 Rb8 41. Rdc2 Kf7 42. Qd2 Ke7 43. Rxb4 Qxb4 44. Qxb4 Rxb4 45. f3 Kd7 46. Kd2 Kc7 47. Ke2 Kb6 48. Kd2 Kb5 49. Kc1 Rd4 50. Rc3 Kb4 51. Kc2 Rc4 52. a3+ Kb5 53. Kd2 Rd4+ 54. Kc1 c4 55. Kc2 Kc5 56. Kc1 Rd3 57. Kc2 Kd4 58. Rxd3+ cxd3+ 59. Kd2 Kc4 60. Kd1 Kb3 61. Kd2 Kxb2 62. Kxd3 Kxa3 63. Kc3 Ka2 64. Kc2 a3 65. Kc1 Kb3 66. Kb1 Kc3 67. Ka2 Kd3 68. Kxa3 Ke3 0-1